| 000 | 00761nam a2200217 a 4500 | ||
|---|---|---|---|
| 999 |
_c6284 _d6284 |
||
| 001 | 6284 | ||
| 003 | BD-JhCC | ||
| 005 | 20220201134022.0 | ||
| 008 | 180118s1995 bg ||||| ||a| 00| 0 mul d | ||
| 035 | _a(BD-JhCC)6284 | ||
| 040 |
_aBD-JhCC _dBD-JhCC |
||
| 041 | _aeng | ||
| 082 |
_a297.7 _bGAJ 1995 |
||
| 100 | _aগাযযালী (রঃ), হুজ্জাতুল ইসলাম ইমাম | ||
| 245 |
_aএসলাহে নফস : _bআত্নশুদ্ধি / _cহুজ্জাতুল ইসলাম ইমাম গাযযালী (রঃ), |
||
| 260 |
_aঢাকা : _bএম, এইচ, পাবলিকেশন্স, _c1995. |
||
| 300 |
_a118 p. : _c24 cm. |
||
| 650 | _aIslam | ||
| 942 |
_2ddc _cBK _06 |
||